000
00354nam a2200157Ia 4500
008
240515s2024 xx und d
041
_a
eng
082
_a
615.2 / KOK
100
_a
C. K. Kokate
245
_a
Pharmacognosy
250
_a
4th
260
_b
Nirali Prakashan
_c
2024
300
_a
15p
520
_a
DIPLOMA
650
_a
Pharmacognosy
999
_c
1164605
_d
1164605